[Event "NOR-chT 1415"]
[Site "Norway"]
[Date "2015.01.10"]
[Round "5.1"]
[White "Moen, Andreas"]
[Black "Borchgrevink, Harald"]
[Result "1-0"]
[WhiteElo "2356"]
[BlackElo "2276"]
[PlyCount "93"]
[EventDate "2014.10.31"]
[EventType "team-tourn"]
[EventRounds "11"]
[EventCountry "NOR"]
[SourceTitle "EXT 2016"]
[Source "ChessBase"]
[SourceDate "2015.10.08"]
[SourceVersion "1"]
[SourceVersionDate "2015.10.08"]
[SourceQuality "1"]
[WhiteTeam "Oslo SS"]
[BlackTeam "Bergens"]
[WhiteTeamCountry "NOR"]
[BlackTeamCountry "NOR"]

1. e4 c5 2. Nf3 e6 3. d4 cxd4 4. Nxd4 a6 5. Nc3 Qc7 6. Bd3 b5 7. 0-0 Bb7 8. Re1 Nc6 9. Nxc6 Bxc6 10. a4 bxa4 11. Nd5 Qb7 12. Bf4 d6 13. c3 Nf6 14. Nxf6+ gxf6 15. Bc2 e5 16. Bc1 f5 17. Bxa4 f4 18. Qd5 Rc8 19. Bxf4 Be7 20. Bd2 0-0 21. Bxc6 Rxc6 22. b4 Rfc8 23. Re3 Bf8 24. h4 Kh8 25. Rf3 R8c7 26. h5 h6 27. Ra3 Bg7 28. Kh2 Kh7 29. g4 Qc8 30. Kg3 Qe6 31. Ra5 Qe7 32. Qd3 Bf6 33. Rxa6 Rxa6 34. Qxa6 Ra7 35. Qc4 Ra1 36. Kg2 Kg7 37. b5 Rb1 38. Qd3 Rb2 39. c4 Bg5 40. Bxg5 Qxg5 41. Qxd6 Rd2 42. Qa3 Rd7 43. Qe3 Qh4 44. Rh3 Qe7 45. c5 Rd4 46. c6 Qc5 47. g5 1-0

[Event "NOR-chT 1213"]
[Site "Norway"]
[Date "2012.11.02"]
[Round "4"]
[White "Borchgrevink, Harald"]
[Black "Holm, Kristian Stuvik"]
[Result "1/2-1/2"]
[WhiteElo "2280"]
[BlackElo "2274"]
[PlyCount "77"]
[EventDate "2012.11.02"]
[EventType "team-tourn"]
[EventRounds "9"]
[EventCountry "NOR"]
[SourceTitle "EXT 2014"]
[Source "ChessBase"]
[SourceDate "2013.11.20"]
[SourceVersion "1"]
[SourceVersionDate "2013.11.20"]
[SourceQuality "1"]
[WhiteTeam "Bergens"]
[BlackTeam "Kristiansund"]
[WhiteTeamCountry "NOR"]
[BlackTeamCountry "NOR"]

1. d4 Nf6 2. Nf3 e6 3. c4 Bb4+ 4. Nbd2 b6 5. g3 Bb7 6. Bg2 0-0 7. 0-0 Bxd2 8. Bxd2 d6 9. Rc1 Nbd7 10. b4 Be4 11. c5 b5 12. a4 a6 13. a5 Re8 14. Qb3 Nf8 15. Rfd1 Ng6 16. Qb2 h6 17. Ne1 Bxg2 18. Nxg2 d5 19. Nf4 Nxf4 20. Bxf4 Nh5 21. Bd2 f5 22. Qb3 Re7 23. Qf3 Qe8 24. Bf4 Kh7 25. Be5 Qg6 26. Qd3 Nf6 27. f3 c6 28. Kh1 Nd7 29. Bd6 Rf7 30. Rg1 Re8 31. Qe3 Qf6 32. f4 Qg6 33. Be5 Nxe5 34. Qxe5 Qf6 35. Qe3 g5 36. Rcf1 g4 37. Rf2 h5 38. h4 Kg6 39. Kg2 1/2-1/2

[Event "NOR-chT 1112"]
[Site "Norway"]
[Date "2012.01.14"]
[Round "5"]
[White "Kjolberg, Jens Hjorth"]
[Black "Borchgrevink, Harald"]
[Result "0-1"]
[WhiteElo "2010"]
[BlackElo "2287"]
[PlyCount "118"]
[EventDate "2011.11.04"]
[EventType "team-tourn"]
[EventRounds "9"]
[EventCountry "NOR"]
[SourceTitle "EXT 2013"]
[Source "ChessBase"]
[SourceDate "2012.11.22"]
[SourceVersion "1"]
[SourceVersionDate "2012.11.22"]
[SourceQuality "1"]
[WhiteTeam "Oslo SK 1911"]
[BlackTeam "Bergens"]
[WhiteTeamCountry "NOR"]
[BlackTeamCountry "NOR"]

1. c4 c6 2. Nf3 d5 3. g3 Nf6 4. Bg2 Bf5 5. cxd5 Nxd5 6. 0-0 Nd7 7. d3 Bg6 8. Nc3 e6 9. Bd2 Be7 10. a3 0-0 11. b4 Re8 12. Qb3 Rc8 13. Rac1 Bf8 14. Rfd1 h6 15. h3 Qe7 16. Na4 e5 17. e4 Nc7 18. Be3 Nb5 19. Nb2 a6 20. Nc4 Qe6 21. Qb2 f6 22. Nh4 Bh5 23. g4 Bf7 24. Nf5 g6 25. Ng3 Kh7 26. Ne2 Red8 27. f4 Bg7 28. f5 gxf5 29. gxf5 Qe7 30. Bf3 Rg8 31. Kh2 Bf8 32. Na5 Rc7 33. Nc4 c5 34. a4 Nd4 35. Bxd4 cxd4 36. b5 axb5 37. axb5 b6 38. Nd2 Nc5 39. Qb1 h5 40. Rg1 Bh6 41. Rxg8 Bxg8 42. Rd1 Qe8 43. Nf1 Ra7 44. h4 Ra5 45. Nfg3 Bf7 46. Kh3 Rxb5 47. Qa1 Ra5 48. Qb1 Ra6 49. Rg1 b5 50. Qc2 Rc6 51. Qb1 Rc8 52. Nc1 Bxc1 53. Rxc1 Nxd3 54. Rxc8 Nf4+ 55. Kh2 Qxc8 56. Qxb5 Qc2+ 57. Kg1 Nh3+ 58. Kh1 Qf2 59. Qf1 Qxg3 0-1

[Event "NOR-chT 0910"]
[Site "Norway"]
[Date "2010.04.11"]
[Round "9"]
[White "Borchgrevink, Harald"]
[Black "Gvein, Kenneth"]
[Result "1/2-1/2"]
[WhiteElo "2293"]
[BlackElo "2182"]
[PlyCount "74"]
[EventDate "2009.11.06"]
[EventType "team"]
[EventRounds "9"]
[EventCountry "NOR"]
[SourceTitle "EXT 2011"]
[Source "ChessBase"]
[SourceDate "2010.11.26"]
[SourceVersion "1"]
[SourceVersionDate "2010.11.26"]
[SourceQuality "1"]
[WhiteTeam "Bergen"]
[BlackTeam "Oslo SK 1911"]
[WhiteTeamCountry "NOR"]
[BlackTeamCountry "NOR"]

1. d4 Nf6 2. Nf3 g6 3. c4 Bg7 4. Nc3 d6 5. e4 c6 6. Be2 a6 7. 0-0 0-0 8. Be3 b5 9. a3 bxc4 10. Bxc4 d5 11. Bd3 dxe4 12. Nxe4 Nd5 13. Rc1 Nxe3 14. fxe3 Be6 15. Nc5 Bg4 16. Qb3 Nd7 17. Nxa6 e5 18. Nb4 Bxf3 19. Rxf3 exd4 20. Nxc6 Qg5 21. Qb5 Qxb5 22. Bxb5 dxe3 23. Rd1 Nb6 24. Rxe3 Bxb2 25. Rdd3 Na4 26. Rb3 Bc1 27. Rf3 Kg7 28. Kf1 f5 29. Nd4 Kf6 30. Bc6 Ra6 31. Bb5 Rd6 32. Nxf5 Rd1+ 33. Kf2 Rd2+ 34. Kf1 Rd1+ 35. Kf2 Rd2+ 36. Kf1 Rd1+ 37. Kf2 Rd2+ 1/2-1/2

[Event "NOR-chT 0910"]
[Site "Norway"]
[Date "2010.01.09"]
[Round "5"]
[White "Thorstensen, Trond"]
[Black "Borchgrevink, Harald"]
[Result "0-1"]
[WhiteElo "2259"]
[BlackElo "2293"]
[PlyCount "176"]
[EventDate "2009.11.06"]
[EventType "team"]
[EventRounds "9"]
[EventCountry "NOR"]
[SourceTitle "EXT 2011"]
[Source "ChessBase"]
[SourceDate "2010.11.26"]
[SourceVersion "1"]
[SourceVersionDate "2010.11.26"]
[SourceQuality "1"]
[WhiteTeam "Oslo Akademisk"]
[BlackTeam "Bergen"]
[WhiteTeamCountry "NOR"]
[BlackTeamCountry "NOR"]

1. d4 Nf6 2. c4 e6 3. Nf3 d5 4. Nc3 Bb4 5. Qb3 c5 6. cxd5 exd5 7. dxc5 Nc6 8. a3 Bxc5 9. Bg5 d4 10. Ne4 Be7 11. Bxf6 Bxf6 12. Nxf6+ Qxf6 13. g3 0-0 14. Bg2 Re8 15. Rd1 Bf5 16. Rd2 d3 17. 0-0 Rxe2 18. Rxe2 dxe2 19. Re1 Re8 20. Qb5 Bg4 21. Rxe2 Rxe2 22. Qxe2 Kf8 23. Qe4 Bxf3 24. Bxf3 Qxb2 25. Qxh7 Qxa3 26. Kg2 Qb2 27. Qh8+ Ke7 28. Qc8 Qb6 29. Qg4 Kf8 30. Qc8+ Nd8 31. Qd7 a5 32. h4 g6 33. g4 Kg7 34. h5 gxh5 35. gxh5 Qf6 36. Bxb7 Qg5+ 37. Kf1 Qc1+ 38. Kg2 Qg5+ 39. Kf1 Nxb7 40. Qxb7 Qxh5 41. Qb2+ f6 42. Qb7+ Kh6 43. Qc6 Qh3+ 44. Ke2 Qf5 45. Qc1+ Qg5 46. Qc6 Qf5 47. Qc1+ Kg6 48. Qc6 Kg5 49. Kf1 Qb1+ 50. Kg2 Qf5 51. Qc1+ Kg6 52. Qc4 Kh5 53. Kf1 Qb1+ 54. Kg2 Qb7+ 55. Kf1 f5 56. Qe2+ Kh4 57. Qd2 Qh1+ 58. Ke2 Qe4+ 59. Kf1 Qc4+ 60. Kg1 a4 61. Qh6+ Kg4 62. Qg6+ Kf4 63. Qd6+ Ke4 64. Kg2 f4 65. Qg6+ Kd4 66. Qf6+ Kd3 67. Qd6+ Kc2 68. Qg6+ Kb2 69. Qf6+ Ka2 70. Qd6 Qe4+ 71. Kh2 Kb3 72. Qd1+ Kc3 73. Qc1+ Kb4 74. Qb2+ Kc4 75. Qc1+ Kd5 76. Qd2+ Qd4 77. Qa2+ Qc4 78. Qd2+ Ke4 79. Kg2 f3+ 80. Kg3 Qg8+ 81. Kh4 Qh7+ 82. Kg4 Qf5+ 83. Kg3 Qe5+ 84. Kg4 Qg7+ 85. Kh4 Qd4 86. Qc2+ Kf4 87. Kh5 Qe5+ 88. Kg6 Qe4+ 0-1

[Event "NOR-chT 0910"]
[Site "Norway"]
[Date "2009.11.07"]
[Round "2"]
[White "Borchgrevink, Harald"]
[Black "Haugli, Petter"]
[Result "1-0"]
[WhiteElo "2293"]
[BlackElo "2314"]
[PlyCount "111"]
[EventDate "2009.11.06"]
[EventType "team"]
[EventRounds "9"]
[EventCountry "NOR"]
[SourceTitle "EXT 2011"]
[Source "ChessBase"]
[SourceDate "2010.11.26"]
[SourceVersion "1"]
[SourceVersionDate "2010.11.26"]
[SourceQuality "1"]
[WhiteTeam "Bergen"]
[BlackTeam "Moss"]
[WhiteTeamCountry "NOR"]
[BlackTeamCountry "NOR"]

1. d4 Nf6 2. c4 c5 3. d5 b5 4. cxb5 a6 5. bxa6 Bxa6 6. b3 g6 7. Bb2 Bg7 8. g3 d6 9. Bg2 0-0 10. Nh3 Nbd7 11. 0-0 Nb6 12. Nf4 Qd7 13. h4 Rfb8 14. Bc3 Ra7 15. a4 h5 16. Re1 Qc7 17. Nd2 Nbd7 18. Rc1 Ng4 19. Bxg7 Kxg7 20. Qc2 Nde5 21. Nd3 Rab7 22. Nxe5 Nxe5 23. f4 Ng4 24. Bf3 Qd7 25. e4 f6 26. Qd1 Rb4 27. Bxg4 hxg4 28. Re3 Rd4 29. Qe1 Qb7 30. Qf2 Qb4 31. Rcc3 c4 32. e5 Rb7 33. exf6+ exf6 34. bxc4 Qxa4 35. Qe1 Kh6 36. f5 Rb2 37. Re7 gxf5 38. Qe3+ f4 39. gxf4 Qd1+ 40. Nf1 Qf3 41. Qxf3 gxf3 42. Rxf3 Bxc4 43. Ne3 Rb1+ 44. Kh2 Rd2+ 45. Kh3 Bxd5 46. Rg3 Rh1+ 47. Kg4 Kg6 48. Nf5 Bf7 49. h5+ Rxh5 50. Nh4+ Kg7 51. Rxf7+ Kxf7 52. Kxh5 d5 53. Kg4 Rd1 54. Ra3 d4 55. Kf5 Rf1 56. Rd3 1-0

[Event "NOR-chT 0809"]
[Site "Norway"]
[Date "2008.11.07"]
[Round "6"]
[White "Kolas, Tore"]
[Black "Borchgrevink, Harald"]
[Result "0-1"]
[WhiteElo "2144"]
[BlackElo "2271"]
[PlyCount "52"]
[EventDate "2008.11.07"]
[EventType "tourn"]
[EventRounds "11"]
[EventCountry "NOR"]
[SourceTitle "EXT 2010"]
[Source "ChessBase"]
[SourceDate "2010.11.25"]
[SourceVersion "1"]
[SourceVersionDate "2010.11.25"]
[SourceQuality "1"]

1. e4 c5 2. Nf3 Nc6 3. d4 cxd4 4. Nxd4 e5 5. Nb5 d6 6. N1c3 a6 7. Na3 b5 8. Nd5 Nge7 9. c4 Nd4 10. cxb5 Nxd5 11. exd5 Be7 12. Bc4 0-0 13. bxa6 Bxa6 14. 0-0 Qc7 15. Bxa6 Rxa6 16. Be3 Bf6 17. Qd3 Qb7 18. f4 e4 19. Qxe4 Qxb2 20. Nc4 Qc3 21. Rac1 Ne2+ 22. Kh1 Nxc1 23. Rxc1 Qb4 24. a3 Rxa3 25. Qf5 Rxe3 26. Nxe3 Qd2 0-1

[Event "NOR-chT 0809"]
[Site "Norway"]
[Date "2008.11.07"]
[Round "3"]
[White "Thorstensen, Trond"]
[Black "Borchgrevink, Harald"]
[Result "1-0"]
[WhiteElo "2175"]
[BlackElo "2271"]
[PlyCount "80"]
[EventDate "2008.11.07"]
[EventType "tourn"]
[EventRounds "11"]
[EventCountry "NOR"]
[SourceTitle "EXT 2010"]
[Source "ChessBase"]
[SourceDate "2010.11.25"]
[SourceVersion "1"]
[SourceVersionDate "2010.11.25"]
[SourceQuality "1"]

1. d4 Nf6 2. Nf3 e6 3. c4 b6 4. Nc3 Bb4 5. Qc2 Bb7 6. a3 Bxc3+ 7. Qxc3 Ne4 8. Qc2 f5 9. e3 0-0 10. Bd3 d6 11. b4 Nd7 12. Bb2 Rc8 13. 0-0 Qe7 14. Nd2 Nxd2 15. Qxd2 e5 16. d5 c6 17. dxc6 Bxc6 18. Rad1 Rf6 19. f4 Rg6 20. Rf2 Rf8 21. Qc2 exf4 22. exf4 Qe3 23. Bf1 Nf6 24. Bxf6 Rgxf6 25. Qd3 Re8 26. Qxe3 Rxe3 27. Rd3 Rxd3 28. Bxd3 g6 29. Re2 Kf7 30. Kf2 Re6 31. g3 Rxe2+ 32. Kxe2 Ke6 33. Ke3 Bg2 34. Kd4 Bf3 35. Bc2 Kd7 36. Ba4+ Kc7 37. Be8 Kd8 38. Bf7 Ke7 39. Bg8 h6 40. Bd5 Bd1 1-0

[Event "Edinburgh Premier"]
[Site "Edinburgh"]
[Date "2007.04.14"]
[Round "3"]
[White "Borchgrevink, Harald"]
[Black "Spencer, Edwin A"]
[Result "1/2-1/2"]
[WhiteElo "2297"]
[BlackElo "2203"]
[PlyCount "154"]
[EventDate "2007.04.13"]
[EventType "swiss"]
[EventRounds "5"]
[EventCountry "SCO"]
[SourceTitle "EXT 2008"]
[Source "ChessBase"]
[SourceDate "2007.11.25"]
[SourceVersion "1"]
[SourceVersionDate "2007.11.25"]
[SourceQuality "1"]

1. d4 Nf6 2. c4 e5 3. dxe5 Ng4 4. Bf4 g5 5. Bg3 Bg7 6. Nf3 Nc6 7. Nc3 Ngxe5 8. e3 d6 9. Be2 Be6 10. Qa4 0-0 11. h4 g4 12. Nd2 a6 13. Qd1 h5 14. Nd5 f5 15. Nf4 Bf7 16. Qc2 Qd7 17. Rd1 b5 18. 0-0 Rfb8 19. b3 Nb4 20. Qb1 bxc4 21. Nxc4 Nxc4 22. Bxc4 Bxc4 23. bxc4 Qf7 24. f3 gxf3 25. gxf3 Nc6 26. Qc1 Ne5 27. c5 dxc5 28. Qxc5 Rb5 29. Qc2 Nc4 30. Nd5 Nb2 31. Nxc7 Nxd1 32. Qxd1 Qg6 33. Qd6 Qxd6 34. Bxd6 Rb6 35. Nxa8 Rxd6 36. Nc7 Rc6 37. Nd5 Rc5 38. Nf4 Ra5 39. Rf2 Bh6 40. Ng2 Ra3 41. Re2 f4 42. exf4 Rxf3 43. Rf2 Rh3 44. Kf1 Ra3 45. Ke1 Kf7 46. Rc2 Bf8 47. Ke2 Ke6 48. Ne3 Be7 49. f5+ Kd7 50. Rd2+ Ke8 51. Ng2 Rh3 52. a4 Bxh4 53. Rd6 a5 54. Ra6 Bd8 55. Re6+ Kf7 56. Rd6 Be7 57. Ra6 Bb4 58. Nf4 Rh2+ 59. Kf3 h4 60. Kg4 Be1 61. Ra7+ Ke8 62. f6 Bb4 63. f7+ Kd8 64. Ne6+ Kc8 65. f8Q+ Bxf8 66. Nxf8 Rf2 67. Ne6 h3 68. Kxh3 Rf5 69. Kg4 Re5 70. Nf4 Kb8 71. Ra6 Kb7 72. Re6 Rxe6 73. Nxe6 Kc6 74. Kf5 Kd5 75. Nd8 Kc4 76. Nb7 Kb4 77. Nxa5 Kxa4 1/2-1/2

[Event "NOR-chT 0607"]
[Site "Oslo"]
[Date "2007.03.10"]
[Round "8"]
[White "David, Edwin"]
[Black "Borchgrevink, Harald"]
[Result "0-1"]
[WhiteElo "2205"]
[BlackElo "2297"]
[PlyCount "80"]
[EventDate "2006.11.10"]
[EventType "team-tourn"]
[EventRounds "9"]
[EventCountry "NOR"]
[SourceTitle "EXT 2008"]
[Source "ChessBase"]
[SourceDate "2007.11.25"]
[SourceVersion "1"]
[SourceVersionDate "2007.11.25"]
[SourceQuality "1"]

1. e4 c5 2. d4 cxd4 3. c3 dxc3 4. Nxc3 e6 5. Nf3 a6 6. Bc4 b5 7. Bb3 Bb7 8. Qe2 d6 9. 0-0 Be7 10. Rd1 Nd7 11. Bf4 Qb6 12. Rd2 Ngf6 13. Rad1 e5 14. Bg5 0-0 15. Nh4 g6 16. Bh6 Rfd8 17. Qf3 Nc5 18. Nf5 gxf5 19. Qg3+ Ng4 20. exf5 Kh8 21. f6 Bxf6 22. Qxg4 Nxb3 23. Qf5 d5 24. axb3 Qe6 25. Qh5 d4 26. Ne2 Rg8 27. f3 Qxb3 28. Ng3 Rg6 29. Re1 Rc8 30. Ne4 Bxe4 31. Rxe4 a5 32. f4 exf4 33. Bxf4 Qc4 34. Rde2 Qc6 35. Qf3 Qd7 36. Be5 Bxe5 37. Rxe5 d3 38. Rd2 Qd4+ 39. Qe3 Rc1+ 40. Kf2 Qh4+ 0-1

[Event "NOR-chT 0607"]
[Site "Oslo"]
[Date "2007.03.09"]
[Round "7"]
[White "Borchgrevink, Harald"]
[Black "Gabrielsen, Trond"]
[Result "1/2-1/2"]
[WhiteElo "2297"]
[BlackElo "2262"]
[PlyCount "126"]
[EventDate "2006.11.10"]
[EventType "team-tourn"]
[EventRounds "9"]
[EventCountry "NOR"]
[SourceTitle "EXT 2008"]
[Source "ChessBase"]
[SourceDate "2007.11.25"]
[SourceVersion "1"]
[SourceVersionDate "2007.11.25"]
[SourceQuality "1"]

1. d4 Nf6 2. Nf3 e6 3. Bf4 b6 4. e3 Bb7 5. c4 Bb4+ 6. Nbd2 0-0 7. a3 Be7 8. Bd3 d5 9. cxd5 exd5 10. b4 Nbd7 11. Qb1 Re8 12. 0-0 Nf8 13. Rc1 Bd6 14. Bb5 Re6 15. Bxd6 Qxd6 16. Ne5 a5 17. Bc6 Bxc6 18. Rxc6 Qe7 19. bxa5 Rxa5 20. Qc1 Ne8 21. Qc3 Ra8 22. Qb3 Rd6 23. a4 Nd7 24. Ndf3 Nxe5 25. Nxe5 f6 26. Rxd6 Qxd6 27. Nf3 Kf8 28. g3 Qc6 29. Ne1 Nd6 30. Nd3 Qc4 31. Qa3 Kg8 32. Nb4 c5 33. Nc6 Nb5 34. Qb2 Rxa4 35. Rc1 Ra2 36. Qb1 Qe2 37. Rf1 cxd4 38. Ne7+ Kf7 39. Nxd5 Nc3 40. Qb3 Qb2 41. Qc4 Nxd5 42. Qxd5+ Kf8 43. exd4 Ra1 44. Qd8+ Kf7 45. Qd7+ Kf8 46. Rxa1 Qxa1+ 47. Kg2 Qb1 48. d5 Qe4+ 49. Kh3 h5 50. f4 Qf3 51. Qd6+ Kf7 52. Qe6+ Kf8 53. f5 Qg4+ 54. Kg2 Qd4 55. d6 Qe5 56. Qc8+ Kf7 57. Qc4+ Kf8 58. Qc8+ Kf7 59. Qd7+ Kf8 60. Kh3 b5 61. Qc8+ Kf7 62. d7 Qxf5+ 63. Kg2 Qd5+ 1/2-1/2

[Event "NOR-chT 0607"]
[Site "Oslo"]
[Date "2007.01.12"]
[Round "4"]
[White "Borchgrevink, Harald"]
[Black "Gundersen, Helge Folmer"]
[Result "1/2-1/2"]
[WhiteElo "2297"]
[BlackElo "2226"]
[PlyCount "87"]
[EventDate "2006.11.10"]
[EventType "team-tourn"]
[EventRounds "9"]
[EventCountry "NOR"]
[SourceTitle "EXT 2008"]
[Source "ChessBase"]
[SourceDate "2007.11.25"]
[SourceVersion "1"]
[SourceVersionDate "2007.11.25"]
[SourceQuality "1"]

1. d4 Nf6 2. c4 e5 3. dxe5 Ne4 4. Nf3 Bb4+ 5. Nbd2 Nc6 6. a3 Nxd2 7. Nxd2 Bf8 8. Nf3 Qe7 9. Bg5 Qe6 10. Qd5 h6 11. Bd2 g5 12. Qxe6+ fxe6 13. g4 Bg7 14. 0-0-0 0-0 15. h4 Nxe5 16. Nxe5 Bxe5 17. hxg5 hxg5 18. Rh5 Rxf2 19. Rxg5+ Bg7 20. Bc3 Rf7 21. Bg2 Kf8 22. Rh1 Bxc3 23. bxc3 Rg7 24. Rh8+ Kf7 25. Rxg7+ Kxg7 26. Rd8 Kf6 27. Kd2 c6 28. Ke3 b6 29. Be4 d5 30. cxd5 cxd5 31. Bf3 Bb7 32. Rxa8 Bxa8 33. c4 Ke5 34. g5 Kf5 35. cxd5 exd5 36. Kd4 Bc6 37. Bxd5 Be8 38. e4+ Kxg5 39. Ke5 a5 40. Kd6 b5 41. Bb3 b4 42. a4 Kf4 43. e5 Ke4 44. Kc5 1/2-1/2

[Event "NOR-chT 0607"]
[Site "Oslo"]
[Date "2006.11.11"]
[Round "2"]
[White "Haugli, Petter"]
[Black "Borchgrevink, Harald"]
[Result "1-0"]
[WhiteElo "2321"]
[BlackElo "2297"]
[PlyCount "41"]
[EventDate "2006.11.10"]
[EventType "team-tourn"]
[EventRounds "9"]
[EventCountry "NOR"]
[SourceTitle "CBM 115 Extra"]
[Source "ChessBase"]
[SourceDate "2007.01.10"]
[SourceVersion "1"]
[SourceVersionDate "2007.01.10"]
[SourceQuality "1"]

1. d4 Nf6 2. c4 e6 3. Nc3 Bb4 4. Nf3 b6 5. Bg5 Bb7 6. e3 h6 7. Bh4 0-0 8. Bd3 c5 9. 0-0 cxd4 10. exd4 Bxc3 11. bxc3 d6 12. a4 Nbd7 13. Re1 Re8 14. a5 bxa5 15. Nd2 Nb6 16. Rxa5 Nxc4 17. Bxf6 Qxa5 18. Qg4 g5 19. Qh5 Qd5 20. Be4 Nxd2 21. Qxh6 1-0

[Event "NOR-chT"]
[Site "Oslo"]
[Date "2006.06.09"]
[Round "3"]
[White "Stanford, Sheila Barth"]
[Black "Borchgrevink, Harald"]
[Result "1-0"]
[WhiteElo "2159"]
[BlackElo "2284"]
[PlyCount "81"]
[EventDate "2006.06.07"]
[EventType "team-tourn"]
[EventRounds "5"]
[EventCountry "NOR"]
[SourceTitle "CBM 112 Extra"]
[Source "ChessBase"]
[SourceDate "2006.07.14"]
[SourceVersion "1"]
[SourceVersionDate "2006.07.14"]
[SourceQuality "1"]

1. e4 c5 2. Nf3 Nc6 3. d4 cxd4 4. Nxd4 e5 5. Nxc6 bxc6 6. Nc3 Nf6 7. f4 Qc7 8. Qf3 Bb4 9. Bd3 d5 10. 0-0 d4 11. fxe5 Qxe5 12. Ne2 Bg4 13. Qf2 Bxe2 14. Qxe2 Bc5 15. Rf5 Qe7 16. Bg5 h6 17. Bxf6 gxf6 18. e5 0-0-0 19. Rxf6 Kb8 20. Rxc6 Rd5 21. Rd1 Re8 22. Qh5 f6 23. Rxf6 Bd6 24. Qf7 Qxf7 25. Rxf7 Bxe5 26. Rdf1 Bc7 27. Rh7 Rd6 28. g3 Bb6 29. Kg2 Bc7 30. Rff7 Rc6 31. b4 Kb7 32. a4 a6 33. Bxa6+ Rxa6 34. Rxc7+ Kb8 35. a5 Ka8 36. Rhd7 Kb8 37. Rc4 Rf6 38. Rcxd4 Re2+ 39. Kh3 Rxc2 40. Rd8+ Kc7 41. b5 1-0

[Event "Gibraltar Masters"]
[Site "Gibraltar"]
[Date "2006.01.31"]
[Round "8"]
[White "Borchgrevink, Harald"]
[Black "Groffen, Hans"]
[Result "1-0"]
[WhiteElo "2265"]
[BlackElo "2185"]
[PlyCount "71"]
[EventDate "2006.01.24"]
[EventType "swiss"]
[EventRounds "10"]
[EventCountry "ENG"]
[SourceTitle "CBM 110 Extra"]
[Source "ChessBase"]
[SourceDate "2006.03.10"]
[SourceVersion "2"]
[SourceVersionDate "2006.03.10"]
[SourceQuality "1"]

1. d4 d5 2. Nf3 Nf6 3. c4 c6 4. Qc2 e6 5. g3 Nbd7 6. Bg2 Ne4 7. 0-0 Bd6 8. b3 Qe7 9. a4 0-0 10. a5 f5 11. Ba3 Bxa3 12. Nxa3 Ndf6 13. Qb2 Bd7 14. Nc2 Rac8 15. Ne5 Be8 16. Ne1 Nd7 17. Nxd7 Bxd7 18. Nd3 Nf6 19. Rfc1 g5 20. Qd2 h6 21. Ne5 Kg7 22. a6 b6 23. b4 Rfd8 24. Qb2 Be8 25. Rc2 Nd7 26. Nd3 Qf6 27. Rac1 Nb8 28. cxd5 exd5 29. b5 Qe6 30. Ne5 Kf6 31. f4 g4 32. Qa3 Bd7 33. Kf2 h5 34. Rc3 Kg7 35. bxc6 Bxc6 36. Nxc6 1-0

[Event "Gibraltar Masters"]
[Site "Gibraltar"]
[Date "2006.01.25"]
[Round "2"]
[White "Borchgrevink, Harald"]
[Black "Phillips, Gordon"]
[Result "1-0"]
[WhiteElo "2265"]
[BlackElo "1790"]
[PlyCount "39"]
[EventDate "2006.01.24"]
[EventType "swiss"]
[EventRounds "10"]
[EventCountry "ENG"]
[SourceTitle "CBM 110 Extra"]
[Source "ChessBase"]
[SourceDate "2006.03.10"]
[SourceVersion "2"]
[SourceVersionDate "2006.03.10"]
[SourceQuality "1"]

1. d4 f5 2. Nf3 g6 3. g3 d6 4. Bg2 Nf6 5. 0-0 Bg7 6. b4 c6 7. c4 a5 8. b5 0-0 9. Bb2 Nbd7 10. a4 Qe8 11. bxc6 bxc6 12. Nfd2 Nb6 13. Qb3 Rb8 14. c5+ Qf7 15. Qxf7+ Kxf7 16. cxb6 Rxb6 17. Bc3 Nd5 18. Bxd5+ cxd5 19. Bxa5 Bxd4 20. Bxb6 1-0

[Event "NOR-ch"]
[Site "Sandnes"]
[Date "2005.07.10"]
[Round "9"]
[White "Bjerke, Silje"]
[Black "Borchgrevink, Harald"]
[Result "1/2-1/2"]
[WhiteElo "2137"]
[BlackElo "2259"]
[PlyCount "117"]
[EventDate "2005.07.02"]
[EventType "swiss"]
[EventRounds "9"]
[EventCountry "NOR"]
[SourceTitle "CBM 107 Extra"]
[Source "ChessBase"]
[SourceDate "2005.09.01"]
[SourceVersion "1"]
[SourceVersionDate "2005.09.01"]
[SourceQuality "1"]

1. d4 d5 2. c4 e6 3. Nf3 c6 4. Nc3 dxc4 5. a4 Bb4 6. e3 b5 7. Bd2 a5 8. axb5 Bxc3 9. Bxc3 cxb5 10. b3 Bb7 11. bxc4 b4 12. Bb2 Nf6 13. Bd3 Nbd7 14. 0-0 0-0 15. Re1 Re8 16. c5 Bc6 17. Bc2 Qc7 18. Ba4 e5 19. Bxc6 Qxc6 20. Qa4 Qxa4 21. Rxa4 exd4 22. Bxd4 Rec8 23. Rea1 Nxc5 24. Bxc5 Rxc5 25. Rxb4 Rac8 26. Rbb1 g6 27. g3 Ne4 28. Nd4 a4 29. Kg2 Rc4 30. Rb7 Ra8 31. Re7 Nc3 32. Ra3 Nd5 33. Rd7 Nb6 34. Rb7 Ra6 35. Nb5 Nd5 36. Rd7 Nf6 37. Rd8+ Kg7 38. Nd6 Rc2 39. h3 h5 40. e4 Ra5 41. Rb8 Rc6 42. Ne8+ Nxe8 43. Rxe8 Ra7 44. Rb8 Rc4 45. e5 h4 46. gxh4 Rxh4 47. Re8 Re4 48. Kf3 Re1 49. Kg2 Ra5 50. h4 Re4 51. Kg3 Ra7 52. Rd3 g5 53. h5 Ra5 54. Ra3 Rh4 55. e6 fxe6 56. Rxe6 Rxh5 57. Re4 Rh4 58. Rxh4 gxh4+ 59. Kxh4 1/2-1/2